[Event "FIDE Grand Swiss 2023"]
[Site "Douglas IOM"]
[Date "2023.11.03"]
[Round "9.18"]
[White "Gledura, B."]
[Black "Abdusattorov, Nodirbek"]
[Result "0-1"]
[WhiteElo "2633"]
[BlackElo "2716"]
[PlyCount "80"]
[EventDate "2023.10.25"]

1. d4 d5 2. c4 e6 3. Nc3 c5 4. cxd5 exd5 5. Nf3 Nf6 6. g3 Nc6 7. Bg2 Be7 8. O-O O-O 9. dxc5 Bxc5 10. e3 b6 $146 ({RR} 10... Bg4 11. Qa4 Qd7 12. a3 Rfd8 13. b4 Bb6 14. Ne2 Bh3 15. Bb2 Bxg2 16. Kxg2 Qf5 17. Qb3 Rac8 18. Rac1 Ne4 19. a4 Qxf3+ 20. Kxf3 Nd2+ 21. Kg2 Nxb3 22. Rcd1 Nxb4 23. Ba3 Nc6 24. Nf4 d4 25. e4 {Marjanovic,S (2035)-Ursic,S (2002) Nova Gorica 2000 ½-½ (50)}) ({RR} 10... Bf5 11. b3 Qd7 12. Bb2 Rad8 13. Rc1 Be7 14. Nb5 Bh3 15. Nbd4 Bxg2 16. Kxg2 Rc8 17. Qd3 Ne4 18. Ne2 Rfd8 19. h4 Qf5 20. Nf4 h6 21. Rcd1 Bf6 22. Bxf6 Qxf6 23. Nxd5 Qe6 24. Qc4 Na5 25. Qd4 {Supi,L (2581)-Di Berardino,D (2466) Caioba BRA 2026 ½-½}) ({RR} 10... Bg4 11. Qa4 Qd7 12. a3 Rfd8 13. b4 Bb6 14. Ne2 Bh3 15. Bb2 Bxg2 16. Kxg2 Qf5 17. Qb3 Rac8 18. Rac1 Ne4 19. a4 Qxf3+ 20. Kxf3 Nd2+ 21. Kg2 Nxb3 22. Rcd1 Nxb4 23. Ba3 Nc6 24. Nf4 d4 25. e4 {Marjanovic,S (2035)-Ursic,S (2002) Nova Gorica 2000 ½-½ (50)}) ({RR} 10... Bf5 11. b3 Qd7 12. Bb2 Rad8 13. Rc1 Be7 14. Nb5 Bh3 15. Nbd4 Bxg2 16. Kxg2 Rc8 17. Qd3 Ne4 18. Ne2 Rfd8 19. h4 Qf5 20. Nf4 h6 21. Rcd1 Bf6 22. Bxf6 Qxf6 23. Nxd5 Qe6 24. Qc4 Na5 25. Qd4 {Supi,L (2581)-Di Berardino,D (2466) Caioba BRA 2026 ½-½}) 11. a3 a5 12. Qa4 Bd7 13. Qc2 Rc8 14. Rd1 Be6 15. Ng5 h6 16. Nxe6 fxe6 17. Bd2 Ng4 18. Be1 Qg5 19. Qe2 Nce5 20. Rab1 Kh8 21. b4 axb4 22. axb4 Nxf2 23. bxc5 Nxd1 24. Nxd1 bxc5 25. Bc3 Rb8 26. Ra1 Rb3 27. Qc2 c4 28. Ra7 Rfb8 29. Bf1 d4 30. exd4 Nf3+ 31. Kh1 Rb1 32. Ra1 Rxa1 33. Bxa1 Qh5 34. h3 Ne1 35. Qe2 Qd5+ 36. Kg1 Nf3+ 37. Kf2 Rf8 38. Bg2 c3 39. Ne3 Nxd4+ 40. Ke1 Qa5 0-1

[Event "FIDE Grand Swiss 2023"]
[Site "Douglas IOM"]
[Date "2023.11.03"]
[Round "9.48"]
[White "Iturrizaga Bonelli, Eduardo"]
[Black "Idani, P."]
[Result "1/2-1/2"]
[WhiteElo "2615"]
[BlackElo "2633"]
[PlyCount "40"]
[EventDate "2023.10.25"]

1. c4 Nf6 2. Nc3 c5 3. g3 e6 4. Nf3 d5 5. cxd5 exd5 6. d4 Nc6 7. Bg2 cxd4 8. Nxd4 Bc5 9. Nb3 Bb6 10. O-O d4 11. Na4 O-O 12. Nxb6 axb6 13. Bxc6 bxc6 14. Qxd4 c5 15. Qxd8 Rxd8 16. Bf4 Nd5 17. Bd2 Nf6 $146 ({RR} 17... Be6 18. Rfe1 h6 19. e4 Nf6 20. Bc3 Nxe4 21. Rxe4 Bxb3 22. a3 Rd7 23. Rae1 Be6 24. h4 h5 25. Re5 g6 26. Rxe6 fxe6 27. Rxe6 Kh7 28. Rxb6 Rc8 29. a4 Rdc7 30. Rd6 Rc6 31. Rd7+ Kg8 32. a5 {Cofman,V (2232)-Schmohel,A (2039) Germany GER 2024 1-0 (42)}) ({RR} 17... Be6 18. Rfe1 h6 19. e4 Nf6 20. Bc3 Nxe4 21. Rxe4 Bxb3 22. a3 Rd7 23. Rae1 Be6 24. h4 h5 25. Re5 g6 26. Rxe6 fxe6 27. Rxe6 Kh7 28. Rxb6 Rc8 29. a4 Rdc7 30. Rd6 Rc6 31. Rd7+ Kg8 32. a5 {Cofman,V (2232)-Schmohel,A (2039) Germany GER 2024 1-0 (42)}) 18. Bf4 Nd5 19. Bd2 Nf6 20. Bf4 Nd5 1/2-1/2

[Event "TCh-POL Ekstraliga 2023"]
[Site "Lublin POL"]
[Date "2023.09.20"]
[Round "3.1"]
[White "Abasov, N."]
[Black "Andersen, Mad"]
[Result "1-0"]
[WhiteElo "2677"]
[BlackElo "2614"]
[PlyCount "107"]
[EventDate "2023.09.18"]
[WhiteTeam "5KS Gwiazda Bydgoszcz"]
[BlackTeam "KSz Miedz Legnica"]

1. d4 d5 2. c4 e6 3. Nf3 c5 4. cxd5 exd5 5. Bg5 Nf6 6. Nc3 Be6 7. g3 Nc6 8. Bg2 h6 9. Bxf6 Qxf6 10. O-O O-O-O 11. Qa4 Kb8 12. Rad1 a6 13. dxc5 Bxc5 14. Ne1 Bd4 15. Nd3 Rd7 16. Rc1 Rc8 $146 ({RR} 16... Rhd8 17. Nf4 g5 18. Nxe6 fxe6 19. e3 Ba7 20. b4 Ne5 21. b5 Rd6 22. bxa6 Rxa6 23. Qb5 Rb6 24. Qe2 Nc4 25. Ne4 Qe5 26. Rxc4 dxc4 27. Qxc4 Rc8 28. Qd3 Rbc6 29. Qb1 Rb6 30. Qd3 Rbc6 31. Qb1 {Gorshtein,I (2512)-Andersen,M (2606) Fagernes NOR 2023 ½-½ (31)}) ({RR} 16... Rhd8 17. Nf4 g5 18. Nxe6 fxe6 19. e3 Ba7 20. b4 Ne5 21. b5 Rd6 22. bxa6 Rxa6 23. Qb5 Rb6 24. Qe2 Nc4 25. Ne4 Qe5 26. Rxc4 dxc4 27. Qxc4 Rc8 28. Qd3 Rbc6 29. Qb1 Rb6 30. Qd3 Rbc6 31. Qb1 {Gorshtein,I (2512)-Andersen,M (2606) Fagernes NOR 2023 ½-½ (31)}) 17. Nf4 Qe5 18. Rfd1 Rcd8 19. e3 Ba7 20. Nce2 Rd6 21. b4 Ne7 22. Nd3 Qf6 23. Nc5 Bg4 24. Rd2 Bxe2 25. Rxe2 Rc6 26. Rec2 Qe5 27. b5 Rxc5 28. Rxc5 Bxc5 29. Rxc5 b6 30. Rc1 a5 31. Rd1 f5 32. Qh4 Rc8 33. a4 Rc4 34. Qh5 Qe6 35. h3 Rc5 36. Rd4 Ng8 37. Bf3 g6 38. Qh4 Qd6 39. g4 g5 40. Qh5 fxg4 41. hxg4 Qe6 42. e4 Ne7 43. exd5 Qe1+ 44. Kg2 Rc2 45. Qe8+ Ka7 46. Qd7+ Kb8 47. Qd6+ Ka7 48. Rd2 Qxd2 49. Qxe7+ Kb8 50. Qf8+ Ka7 51. Be4 Qe2 52. Qe7+ Kb8 53. Qd6+ Kb7 54. Bxc2 1-0

[Event "Asian Games Men 2023"]
[Site "Hangzhou CHN"]
[Date "2023.09.27"]
[Round "8.5"]
[White "Tabatabaei, M."]
[Black "Nguyen Ngoc Truong Son"]
[Result "1/2-1/2"]
[WhiteElo "2685"]
[BlackElo "2635"]
[PlyCount "168"]
[EventDate "2023.09.24"]

1. c4 e6 2. Nc3 d5 3. d4 c5 4. cxd5 exd5 5. Nf3 Nc6 6. g3 Nf6 7. a3 cxd4 8. Nxd4 Bc5 9. Be3 Bb6 10. Na4 ({RR} 10. Bg2 O-O 11. O-O Re8 12. Kh1 Bg4 13. Re1 Qd7 14. Nxc6 Bxe3 15. Nb4 Bxf2 16. Rf1 d4 17. Rxf2 dxc3 18. Qxd7 Bxd7 19. bxc3 Ng4 20. Rf4 Rxe2 21. Bxb7 Rb8 22. Bg2 g5 23. Rd4 Rbe8 24. Bf3 Rxh2+ {Abdusattorov,N (2777)-So,W (2747) Kolkata IND 2024 0-1 (37)}) ({RR} 10. Bg2 O-O 11. O-O Re8 12. Kh1 Bg4 13. Re1 Qd7 14. Nxc6 Bxe3 15. Nb4 Bxf2 16. Rf1 d4 17. Rxf2 dxc3 18. Qxd7 Bxd7 19. bxc3 Ng4 20. Rf4 Rxe2 21. Bxb7 Rb8 22. Bg2 g5 23. Rd4 Rbe8 24. Bf3 Rxh2+ {Abdusattorov,N (2777)-So,W (2747) Kolkata IND 2024 0-1 (37)}) 10... Ng4 ({RR} 10... O-O 11. Nxb6 axb6 12. h3 Ne4 13. Bg2 Re8 14. Qb3 Na5 15. Qd3 Nc5 16. Qd1 Nc4 17. Bc1 h5 18. b3 Ne5 19. O-O h4 20. Bf4 Ng6 21. Nb5 Nxf4 22. gxf4 Ne4 23. Rc1 Re6 24. Nc7 Rg6 25. Kh2 {Xia,J (2101)-Xia,M (1652) Dongtai CHN 2026 1-0 (83)}) ({RR} 10... Bxd4 11. Bxd4 O-O 12. Bg2 Bg4 13. h3 Bf5 14. O-O Ne4 15. e3 Re8 16. Rc1 Qd7 17. g4 Bg6 18. Nc3 Nxc3 19. Bxc3 Rad8 20. b4 a6 21. a4 b5 22. axb5 axb5 23. Qe2 Be4 24. Qxb5 Rb8 25. Qc5 {Tabatabaei,M (2686)-Ivic,V (2585) Wijk aan Zee NED 2023 ½-½ (45)}) ({RR} 10... O-O 11. Nxb6 axb6 12. h3 Ne4 13. Bg2 Re8 14. Qb3 Na5 15. Qd3 Nc5 16. Qd1 Nc4 17. Bc1 h5 18. b3 Ne5 19. O-O h4 20. Bf4 Ng6 21. Nb5 Nxf4 22. gxf4 Ne4 23. Rc1 Re6 24. Nc7 Rg6 25. Kh2 {Xia,J (2101)-Xia,M (1652) Dongtai CHN 2026 1-0 (83)}) ({RR} 10... Bxd4 11. Bxd4 O-O 12. Bg2 Bg4 13. h3 Bf5 14. O-O Ne4 15. e3 Re8 16. Rc1 Qd7 17. g4 Bg6 18. Nc3 Nxc3 19. Bxc3 Rad8 20. b4 a6 21. a4 b5 22. axb5 axb5 23. Qe2 Be4 24. Qxb5 Rb8 25. Qc5 {Tabatabaei,M (2686)-Ivic,V (2585) Wijk aan Zee NED 2023 ½-½ (45)}) 11. Nxb6 Nxe3 $146 ({RR} 11... Qxb6 12. Qd2 Nce5 13. b3 O-O 14. Bg2 Nxe3 15. Qxe3 Nc6 16. Rd1 Bg4 17. Qf4 Bh5 18. g4 Bg6 19. O-O Nxd4 20. Qxd4 Qxb3 21. Bxd5 Qxa3 22. Bxb7 Rae8 23. Ra1 Qe7 24. Bf3 Qg5 25. Rxa7 Be4 26. Rfa1 {Bacrot,E (2653)-Gavrilescu,D (2545) Petrovac MNE 2024 1-0 (67)}) ({RR} 11... Qxb6 12. Qd2 Nce5 13. b3 O-O 14. Bg2 Nxe3 15. Qxe3 Nc6 16. Rd1 Bg4 17. Qf4 Bh5 18. g4 Bg6 19. O-O Nxd4 20. Qxd4 Qxb3 21. Bxd5 Qxa3 22. Bxb7 Rae8 23. Ra1 Qe7 24. Bf3 Qg5 25. Rxa7 Be4 26. Rfa1 {Bacrot,E (2653)-Gavrilescu,D (2545) Petrovac MNE 2024 1-0 (67)}) 12. Qd3 axb6 13. Qxe3+ Qe7 14. Qd2 O-O 15. Bg2 Ra4 16. Nb5 Qc5 17. Qxd5 Qc2 18. Qd1 Rc4 19. Nd6 Rd8 20. O-O Be6 21. Qxc2 Rxc2 22. Nxb7 Rd7 23. Rac1 Rxc1 24. Rxc1 Ne7 25. b4 g6 26. a4 Rd4 27. Rb1 Nd5 28. a5 Nc3 29. Ra1 Rxb4 30. a6 Ba2 31. Nd6 Ra4 32. Bb7 b5 33. Nxb5 Nxb5 34. Bc6 Rxa6 35. Bxb5 Rb6 36. Bd3 Be6 37. f4 Kg7 38. Kf2 Rd6 39. Ra5 Rb6 40. Kf3 h5 41. f5 Bxf5 42. Bxf5 gxf5 43. Rxf5 Kg6 44. Ra5 Rf6+ 45. Kg2 Re6 46. Ra2 h4 47. g4 Re3 48. Rd2 f5 49. Kf2 Rh3 50. gxf5+ Kxf5 51. Kg2 Re3 52. Ra2 Kg5 53. Ra5+ Kg6 54. Ra2 Kg5 55. Kf1 Rh3 56. Kg1 Re3 57. Rd2 Kg6 58. Kf1 Rh3 59. Kg1 Re3 60. Rc2 Kg5 61. Rb2 Kg6 62. Kf1 Rh3 63. Kg2 Re3 64. Ra2 Kg5 65. Rd2 Kg6 66. Kg1 Kg5 67. Rc2 Kg6 68. Kf1 Rh3 69. Rc6+ Kg5 70. Rc5+ Kg6 71. Kg1 Re3 72. Rc2 Kg5 73. Kg2 Kg6 74. Kf1 Rh3 75. e4 Kf6 76. Re2 Ke5 77. Kg2 Rd3 78. Kf2 Rh3 79. Kg1 Rd3 80. Kg2 Rc3 81. h3 Rg3+ 82. Kh2 Rf3 83. Ra2 Rf4 84. Kg2 Kxe4 1/2-1/2

[Event "Titled Tue 10th Oct Early"]
[Site "chess.com INT"]
[Date "2023.10.10"]
[Round "10"]
[White "Donchenko, Alexa"]
[Black "Svane, R."]
[Result "1-0"]
[WhiteElo "2676"]
[BlackElo "2646"]
[PlyCount "77"]
[EventDate "2023.10.10"]

1. c4 Nf6 2. Nc3 c5 3. g3 e6 4. Nf3 d5 5. cxd5 exd5 6. d4 Nc6 7. Bg2 cxd4 8. Nxd4 Bc5 9. Nxc6 bxc6 10. O-O O-O 11. Na4 Bb6 12. Qc2 Ba6 13. Nxb6 axb6 14. Qxc6 Rc8 ({RR} 14... Bxe2 15. Re1 Bc4 16. Be3 Bxa2 17. Bxb6 Qc8 18. Qd6 Ra6 19. Qb4 Qb8 20. Bc5 Qxb4 21. Bxb4 Rb8 22. Bc3 Ra4 23. Be5 Rb6 24. Rec1 h5 25. h3 Ne4 26. Rc7 f6 27. Bc3 Nxc3 28. bxc3 Rba6 29. Re1 {Willow,J (2473)-Kenneskog,T (2293) Stockholm SWE 2026 1-0}) ({RR} 14... Bxe2 15. Re1 Bc4 16. Be3 Bxa2 17. Bxb6 Qc8 18. Qd6 Ra6 19. Qb4 Qb8 20. Bc5 Qxb4 21. Bxb4 Rb8 22. Bc3 Ra4 23. Be5 Rb6 24. Rec1 h5 25. h3 Ne4 26. Rc7 f6 27. Bc3 Nxc3 28. bxc3 Rba6 29. Re1 {Willow,J (2473)-Kenneskog,T (2293) Stockholm SWE 2026 1-0}) 15. Qa4 Bxe2 16. Re1 Bc4 $146 ({RR} 16... Qc7) ({RR} 16... Qc7) 17. b3 Bd3 18. Bb2 Be4 19. Bxf6 Qxf6 20. Bxe4 dxe4 21. Qxe4 h6 22. Rac1 Rxc1 23. Rxc1 Rd8 24. h4 g6 25. Qe3 h5 26. a4 Kg7 27. Kg2 Rd4 28. Rc7 Qd6 29. Rc3 Rd1 30. Qf3 Rb1 31. Rc6 Qe5 32. Rxb6 Qa1 33. Rb7 Qf6 34. Qxf6+ Kxf6 35. a5 Ra1 36. b4 Ke6 37. Rb6+ Ke5 38. a6 Kd5 39. Rb5+ 1-0

[Event "Tournament of Peace 2023"]
[Site "Zagreb CRO"]
[Date "2023.11.22"]
[Round "1.4"]
[White "Korobov, A."]
[Black "Ivanchuk, V."]
[Result "1/2-1/2"]
[WhiteElo "2667"]
[BlackElo "2653"]
[PlyCount "82"]
[EventDate "2023.11.22"]

1. d4 Nf6 2. c4 e6 3. Nf3 d5 4. Nc3 c5 5. e3 Nc6 6. cxd5 exd5 7. Bb5 Bd6 8. dxc5 Bxc5 9. O-O O-O 10. b3 a6 11. Bxc6 bxc6 12. Bb2 Bd6 13. Rc1 Bg4 14. Ne2 Bxf3 ({RR} 14... Rc8 15. Ne5 Bxe5 16. Bxe5 c5 17. h3 Bh5 18. g4 Bg6 19. Nf4 Re8 20. Bxf6 Qxf6 21. Nxg6 hxg6 22. Qxd5 Rcd8 23. Qxc5 Qf3 24. Rc4 Qxh3 25. Rf4 Re6 26. Qc7 Rf8 27. Qb7 g5 28. Rc4 Rd8 29. Qg2 {Matlakov,M (2710)-Abasov,N (2655) Germany 2019 ½-½ (31)}) ({RR} 14... Rc8 15. Ne5 Bxe5 16. Bxe5 c5 17. h3 Bh5 18. g4 Bg6 19. Nf4 Re8 20. Bxf6 Qxf6 21. Nxg6 hxg6 22. Qxd5 Rcd8 23. Qxc5 Qf3 24. Rc4 Qxh3 25. Rf4 Re6 26. Qc7 Rf8 27. Qb7 g5 28. Rc4 Rd8 29. Qg2 {Matlakov,M (2710)-Abasov,N (2655) Germany 2019 ½-½ (31)}) 15. gxf3 Rc8 16. Qd3 Nd7 17. Rfd1 $146 ({RR} 17. Ng3 Be5 18. Ba3 Re8 19. f4 Bf6 20. Rc2 Qa5 21. Bc1 g6 22. Rd1 h5 23. Bd2 Qb5 24. Bc3 Qxd3 25. Rxd3 Bxc3 26. Rcxc3 Kf8 27. Rd4 h4 28. Ne2 Nf6 29. Rc5 Nd7 30. Ra5 Ra8 31. Kg2 Ke7 {Kasparov,G (2830)-Wilson,J (2303) London 2003 1-0 (56)}) ({RR} 17. Ng3 Be5 18. Ba3 Re8 19. f4 Bf6 20. Rc2 Qa5 21. Bc1 g6 22. Rd1 h5 23. Bd2 Qb5 24. Bc3 Qxd3 25. Rxd3 Bxc3 26. Rcxc3 Kf8 27. Rd4 h4 28. Ne2 Nf6 29. Rc5 Nd7 30. Ra5 Ra8 31. Kg2 Ke7 {Kasparov,G (2830)-Wilson,J (2303) London 2003 1-0 (56)}) 17... Be5 18. Ba3 Re8 19. f4 Bf6 20. Qxa6 Ra8 21. Qxc6 Rxa3 22. Rxd5 Ra7 23. a4 Qe7 24. Ng3 Nf8 25. Nf5 Qa3 26. Qxe8 Qxc1+ 27. Kg2 g6 28. Nd6 Bh4 29. Nc4 Qe1 30. Rd2 Rc7 31. Rb2 Bf6 32. Rc2 Qd1 33. Qe4 Ne6 34. h3 Re7 35. Ne5 Bxe5 36. Rc8+ Nf8 37. fxe5 Qxb3 38. a5 Kg7 39. a6 Ne6 40. Qf3 Ra7 41. Qf6+ Kh6 1/2-1/2

[Event "TCh-AUT 2023-24"]
[Site "Austria AUT"]
[Date "2023.11.24"]
[Round "3.1"]
[White "Donchenko, Alexa"]
[Black "Sadhwani, Raunak"]
[Result "1/2-1/2"]
[WhiteElo "2664"]
[BlackElo "2650"]
[PlyCount "60"]
[EventDate "2023.11.22"]
[EventType "team"]
[WhiteTeam "Sparkasse Jenbach"]
[BlackTeam "SPG Fuerstenfeld/Hartberg"]

1. Nf3 d5 2. e3 Nf6 3. c4 e6 4. Nc3 Bd6 5. b3 O-O 6. Bb2 c5 7. cxd5 exd5 8. d4 Nc6 9. Be2 cxd4 10. Nxd4 Nxd4 11. Qxd4 Re8 12. O-O Be5 13. Qd3 ({RR} 13. Qd2 d4 14. exd4 Qxd4 15. Qxd4 Bxd4 16. Bf3 Be6 17. Rad1 Bxc3 18. Bxc3 Rac8 19. Bd4 b6 20. Rd2 Bf5 21. Be3 Be4 22. Bxe4 Rxe4 23. Rfd1 Kf8 24. h3 Re6 25. Rd4 h6 26. Ra4 Re7 27. Rdd4 Ke8 {Vitiugov,N (2709)-Wojtaszek,R (2749) Shenzhen 2018 1-0 (34)}) ({RR} 13. Qd2 Be6 14. Rfd1 Ng4 15. h3 Nxf2 16. Kxf2 Qh4+ 17. Kf1 Bxh3 18. Bf3 Bf5 19. Nxd5 Bxb2 20. Qxb2 Be4 21. Qf2 Qg5 22. Rd4 Bxf3 23. Qxf3 Rac8 24. Rad1 h5 25. Kg1 Rc2 26. R4d2 Rc6 27. Nf4 g6 {Sadhwani,R (2654)-Petrosyan,M (2619) Samarkand UZB 2023 1-0 (33)}) ({RR} 13. Qd2 d4 14. exd4 Qxd4 15. Qxd4 Bxd4 16. Bf3 Be6 17. Rad1 Bxc3 18. Bxc3 Rac8 19. Bd4 b6 20. Rd2 Bf5 21. Be3 Be4 22. Bxe4 Rxe4 23. Rfd1 Kf8 24. h3 Re6 25. Rd4 h6 26. Ra4 Re7 27. Rdd4 Ke8 {Vitiugov,N (2709)-Wojtaszek,R (2749) Shenzhen 2018 1-0 (34)}) ({RR} 13. Qd2 Be6 14. Rfd1 Ng4 15. h3 Nxf2 16. Kxf2 Qh4+ 17. Kf1 Bxh3 18. Bf3 Bf5 19. Nxd5 Bxb2 20. Qxb2 Be4 21. Qf2 Qg5 22. Rd4 Bxf3 23. Qxf3 Rac8 24. Rad1 h5 25. Kg1 Rc2 26. R4d2 Rc6 27. Nf4 g6 {Sadhwani,R (2654)-Petrosyan,M (2619) Samarkand UZB 2023 1-0 (33)}) 13... Bg4 14. Rad1 Rc8 $146 ({RR} 14... Bxe2 15. Qxe2 d4 16. Nb5 Qb8 17. Bxd4 Bxh2+ 18. Kh1 Be5 19. Qf3 a6 20. Bxe5 Qxe5 21. Nd6 Re6 22. Nc4 Qc5 23. Rd4 Rae8 24. Rfd1 Ne4 25. Kg1 b5 26. Rxe4 Rxe4 27. Nd6 R4e7 28. Nxe8 Rxe8 29. Rd7 {Iturrizaga Bonelli,E (2637)-Bluebaum,M (2660) chess.com INT 2023 ½-½ (74)}) ({RR} 14... Bxe2 15. Qxe2 Rc8 16. Nb5 Bxb2 17. Qxb2 a6 18. Nd4 Ne4 19. Rd3 Qf6 20. Rfd1 Rc5 21. f3 Nd6 22. Qf2 g6 23. Ne2 Rc2 24. Rxd5 Nf5 25. e4 Rxa2 26. R5d2 Rxd2 27. Rxd2 Ne7 28. Qd4 Qxd4+ 29. Rxd4 {Muradli,M (2642)-Gustafsson,J (2580) chess.com INT 2026 1-0 (58)}) ({RR} 14... Bxe2 15. Qxe2 d4 16. Nb5 Qb8 17. Bxd4 Bxh2+ 18. Kh1 Be5 19. Qf3 a6 20. Bxe5 Qxe5 21. Nd6 Re6 22. Nc4 Qc5 23. Rd4 Rae8 24. Rfd1 Ne4 25. Kg1 b5 26. Rxe4 Rxe4 27. Nd6 R4e7 28. Nxe8 Rxe8 29. Rd7 {Iturrizaga Bonelli,E (2637)-Bluebaum,M (2660) chess.com INT 2023 ½-½ (74)}) ({RR} 14... Bxe2 15. Qxe2 Rc8 16. Nb5 Bxb2 17. Qxb2 a6 18. Nd4 Ne4 19. Rd3 Qf6 20. Rfd1 Rc5 21. f3 Nd6 22. Qf2 g6 23. Ne2 Rc2 24. Rxd5 Nf5 25. e4 Rxa2 26. R5d2 Rxd2 27. Rxd2 Ne7 28. Qd4 Qxd4+ 29. Rxd4 {Muradli,M (2642)-Gustafsson,J (2580) chess.com INT 2026 1-0 (58)}) 15. Bxg4 Nxg4 16. h3 Nf6 17. f4 Bxc3 18. Bxc3 Ne4 19. Be5 Qb6 20. Rc1 Rc6 21. Qd4 Qxd4 22. Bxd4 Rec8 23. Rxc6 Rxc6 24. Bxa7 Ra6 25. Bd4 Rxa2 26. Rc1 h5 27. Rc8+ Kh7 28. Rc7 Kg8 29. Rc8+ Kh7 30. Rc7 Kg8 1/2-1/2

[Event "Tournament of Peace 2023"]
[Site "Zagreb CRO"]
[Date "2023.11.28"]
[Round "7.4"]
[White "Ivanchuk, V."]
[Black "Cheparinov, I."]
[Result "1-0"]
[WhiteElo "2653"]
[BlackElo "2649"]
[PlyCount "149"]
[EventDate "2023.11.22"]

1. Nf3 d5 2. d4 Nf6 3. c4 e6 4. Nc3 c5 5. e3 Nc6 6. cxd5 exd5 7. Bb5 cxd4 8. exd4 Bd6 9. O-O O-O 10. h3 h6 11. Re1 Re8 ({RR} 11... Bf5 12. Ne5 Rc8 13. Bf4 Ne7 14. Ba4 Ne4 15. Nxe4 Bxe4 16. Bb3 Nc6 17. Nxc6 Rxc6 18. Bxd6 Qxd6 19. f3 Bf5 20. Re5 Be6 21. Qd2 f6 22. Re3 Rfc8 23. Rae1 Bf7 24. R3e2 R6c7 25. Re3 Rc6 26. R3e2 {Grischuk,A (2778)-Anand,V (2753) Zagreb 2021 ½-½}) ({RR} 11... Bf5 12. Ne5 Qb6 13. Bxc6 bxc6 14. Na4 Qb5 15. Bf4 Bxe5 16. Bxe5 Nd7 17. b3 Rfe8 18. Bd6 Qd3 19. Qxd3 Bxd3 20. Rac1 Bb5 21. Nc3 Bd3 22. f3 f6 23. Kf2 Kf7 24. Re3 Rxe3 25. Kxe3 Ba6 26. Rc2 {Robson,R (2650)-Hovhannisyan,R (2621) Doha QAT 2025 ½-½ (136)}) ({RR} 11... Bf5 12. Ne5 Rc8 13. Bf4 Ne7 14. Ba4 Ne4 15. Nxe4 Bxe4 16. Bb3 Nc6 17. Nxc6 Rxc6 18. Bxd6 Qxd6 19. f3 Bf5 20. Re5 Be6 21. Qd2 f6 22. Re3 Rfc8 23. Rae1 Bf7 24. R3e2 R6c7 25. Re3 Rc6 26. R3e2 {Grischuk,A (2778)-Anand,V (2753) Zagreb 2021 ½-½}) ({RR} 11... Bf5 12. Ne5 Qb6 13. Bxc6 bxc6 14. Na4 Qb5 15. Bf4 Bxe5 16. Bxe5 Nd7 17. b3 Rfe8 18. Bd6 Qd3 19. Qxd3 Bxd3 20. Rac1 Bb5 21. Nc3 Bd3 22. f3 f6 23. Kf2 Kf7 24. Re3 Rxe3 25. Kxe3 Ba6 26. Rc2 {Robson,R (2650)-Hovhannisyan,R (2621) Doha QAT 2025 ½-½ (136)}) 12. Rxe8+ Qxe8 13. Be3 Bd7 $146 ({RR} 13... Bf5 14. Qb3 a6 15. Bf1 Na5 16. Qb6 Qd8 17. Qxd8+ Rxd8 18. Na4 Ne4 19. Nc5 Nxc5 20. dxc5 Be7 21. Nd4 Bd7 22. Rc1 Bf6 23. b3 Kf8 24. Rd1 Nc6 25. Be2 Nxd4 26. Bxd4 Bxd4 27. Rxd4 Bc6 28. f3 {Tomashevsky,E (2658)-Sanikidze,T (2458) Plovdiv 2008 ½-½ (100)}) ({RR} 13... Bf5 14. Qb3 a6 15. Bf1 Na5 16. Qb6 Qd8 17. Qxd8+ Rxd8 18. Na4 Ne4 19. Nc5 Nxc5 20. dxc5 Be7 21. Nd4 Bd7 22. Rc1 Bf6 23. b3 Kf8 24. Rd1 Nc6 25. Be2 Nxd4 26. Bxd4 Bxd4 27. Rxd4 Bc6 28. f3 {Tomashevsky,E (2658)-Sanikidze,T (2458) Plovdiv 2008 ½-½ (100)}) 14. Rc1 Rc8 15. Bd3 Na5 16. Rc2 Nc4 17. Bc1 Be6 18. Re2 Qd8 19. Qe1 Qd7 20. Ne5 Bxe5 21. dxe5 d4 22. exf6 dxc3 23. bxc3 gxf6 24. Bc2 Bf5 25. Re7 Qd5 26. Bxf5 Qxf5 27. Rxb7 Ne5 28. Be3 a5 29. Bd4 Nc6 30. Qe3 Nxd4 31. cxd4 Qg5 32. Qe4 Rd8 33. Rb3 f5 34. Qe5 f4 35. Qe4 Qf6 36. Rd3 Qg6 37. Qf3 Qg5 38. Kh2 Kg7 39. Rd1 Rd5 40. Qe4 Qf5 41. Qf3 Kh7 42. Kg1 Kg7 43. Kf1 Kf8 44. Qd3 Qxd3+ 45. Rxd3 Rb5 46. Ra3 f3 47. gxf3 Ke7 48. Ke2 Rh5 49. f4 Kd6 50. f3 Rxh3 51. Rxa5 Rh2+ 52. Ke3 h5 53. Ra7 Ke6 54. Ra6+ Kf5 55. a4 h4 56. Rh6 Ra2 57. Rh5+ Ke6 58. f5+ Kf6 59. Rxh4 Rxa4 60. Ke4 Ra1 61. Kf4 Rd1 62. Rh6+ Ke7 63. Ke3 Re1+ 64. Kf4 Rd1 65. Ke4 Re1+ 66. Kd5 Rf1 67. f6+ Kd7 68. Rh7 Rxf3 69. Rxf7+ Ke8 70. Re7+ Kf8 71. Ke6 Re3+ 72. Kd6 Rf3 73. d5 Rxf6+ 74. Kd7 Ra6 75. Re2 1-0

[Event "FIDE Grand Swiss 2023"]
[Site "Douglas IOM"]
[Date "2023.11.04"]
[Round "10.40"]
[White "Melkumyan, H."]
[Black "Huschenbeth, N."]
[Result "1/2-1/2"]
[WhiteElo "2650"]
[BlackElo "2605"]
[PlyCount "108"]
[EventDate "2023.10.25"]

1. c4 e6 2. Nc3 c5 3. Nf3 Nf6 4. g3 d5 5. cxd5 exd5 6. d4 Nc6 7. Bg2 cxd4 8. Nxd4 Bc5 9. Nb3 Bb6 10. O-O d4 11. Na4 O-O 12. Bg5 h6 13. Bxf6 Qxf6 14. Nxb6 axb6 15. Bxc6 bxc6 16. Qxd4 Rd8 17. Qxf6 gxf6 18. f3 $146 ({RR} 18. Rfc1 Be6 19. Rc3 c5 20. e3 Ra4 21. a3 Rc4 22. Rac1 Rxc3 23. Rxc3 Rd1+ 24. Kg2 Rb1 25. Nd2 Rxb2 26. Nc4 Bxc4 {½-½ (26) Bendezu Yupanqui,A (1822)-Levano Loayza,A (1980) Cusco PER 2025}) ({RR} 18. Rfc1 Be6 19. Kf1 Ra4 20. Ke1 Rda8 21. Rc3 Rxa2 22. Rxa2 Rxa2 23. Nc1 Rxb2 24. Rxc6 b5 25. Nd3 Rb1+ 26. Rc1 Rxc1+ 27. Nxc1 Bc4 28. Kd2 f5 29. Nd3 Kg7 30. Kc3 Kf6 31. Kd4 Ke6 32. Nf4+ Kd6 {So,W (2747)-Firouzja,A (2763) New York USA 2024 ½-½ (55)}) ({RR} 18. Rad1 Rxd1 19. Rxd1 Be6 20. Nc1 Bxa2 21. Nxa2 Rxa2 22. Rd6 Rxb2 23. Rxc6 Rxe2 24. Rxb6 Kg7 25. Kg2 Re5 26. h4 Re7 27. Ra6 Re5 28. Rb6 Re7 29. Rc6 Re5 30. Ra6 Re7 {½-½ (30) Zarubitski,V (2417)-Ponkratov,P (2570) Orsha BLR 2026}) ({RR} 18. Rfc1 Be6 19. Rc3 c5 20. e3 Ra4 21. a3 Rc4 22. Rac1 Rxc3 23. Rxc3 Rd1+ 24. Kg2 Rb1 25. Nd2 Rxb2 26. Nc4 Bxc4 {½-½ (26) Bendezu Yupanqui,A (1822)-Levano Loayza,A (1980) Cusco PER 2025}) ({RR} 18. Rfc1 Be6 19. Kf1 Ra4 20. Ke1 Rda8 21. Rc3 Rxa2 22. Rxa2 Rxa2 23. Nc1 Rxb2 24. Rxc6 b5 25. Nd3 Rb1+ 26. Rc1 Rxc1+ 27. Nxc1 Bc4 28. Kd2 f5 29. Nd3 Kg7 30. Kc3 Kf6 31. Kd4 Ke6 32. Nf4+ Kd6 {So,W (2747)-Firouzja,A (2763) New York USA 2024 ½-½ (55)}) ({RR} 18. Rad1 Rxd1 19. Rxd1 Be6 20. Nc1 Bxa2 21. Nxa2 Rxa2 22. Rd6 Rxb2 23. Rxc6 Rxe2 24. Rxb6 Kg7 25. Kg2 Re5 26. h4 Re7 27. Ra6 Re5 28. Rb6 Re7 29. Rc6 Re5 30. Ra6 Re7 {½-½ (30) Zarubitski,V (2417)-Ponkratov,P (2570) Orsha BLR 2026}) 18... Be6 19. Kf2 Ra4 20. Nc1 c5 21. b3 Ra3 22. Nd3 Rda8 23. Nf4 Rxa2 24. Rab1 Rd2 25. Rfc1 Raa2 26. g4 Kf8 27. Rc3 Rdb2 28. Rd1 Rd2 29. Rxd2 Rxd2 30. b4 cxb4 31. Rc6 Ba2 32. Ke3 Rd1 33. Rxb6 b3 34. Nd3 Ke7 35. h4 Kd7 36. Nc5+ Kc7 37. Rb4 Rc1 38. Ne4 Rc6 39. Nd2 Kd7 40. Kf4 Ke7 41. Nxb3 Bxb3 42. Rxb3 Kf8 43. Rb5 Kg7 44. e4 Rc3 45. Rf5 Kg6 46. g5 hxg5+ 47. hxg5 fxg5+ 48. Rxg5+ Kf6 49. Kg4 Rc4 50. Ra5 Kg6 51. Rg5+ Kf6 52. Kf4 Rc3 53. Ra5 Kg6 54. Rg5+ Kf6 1/2-1/2